000 00519nam a22001937a 4500
003 MPLRDC
005 20220104114710.0
008 210129b ||||| |||| 00| 0 eng d
020 _a7-81001-368-8
082 _a083.6 ZGGT v.2
100 _a陆燕贞、张世芸、苑洪琪著
245 _a后妃美容术
_c
250 _a一版一刷
260 _a
_b中央民族大学出版社
_c1994
300 _b
490 _a中国宫廷文化丛书
650 _a现代丛书--通俗用
942 _cBK
_o083.6 ZGGT v.2
999 _c9528
_d9518